[Event "Brøndbymesterskabet 2016"]
[Site "?"]
[Date "2016.10.02"]
[Round "5.1"]
[White "Fries Nielsen, 2390, IM Jens Ove"]
[Black "Stig Rasmussen, 2528, GM Allan"]
[Result "1-0"]
[BlackElo "2528"]
[WhiteElo "2390"]
[LiveChessVersion "1.4.8"]

1. d4 {[%clk 0:29:31]} Nf6 {[%clk 0:29:52]} 2. Nf3 {[%clk 0:29:00]} d5
{[%clk 0:29:14]} 3. Nbd2 {[%clk 0:28:12]} e6 {[%clk 0:28:33]} 4. e3
{[%clk 0:28:01]} c5 {[%clk 0:28:31]} 5. b3 {[%clk 0:27:25]} cxd4 {[%clk 0:27:38]}
6. exd4 {[%clk 0:27:20]} Qa5 {[%clk 0:25:54]} 7. Bb2 {[%clk 0:26:23]} Bb4
{[%clk 0:24:58]} 8. c3 {[%clk 0:26:03]} Bd6 {[%clk 0:24:19]} 9. Bd3
{[%clk 0:25:56]} Bd7 {[%clk 0:23:35]} 10. O-O {[%clk 0:25:53]} Bb5
{[%clk 0:21:53]} 11. c4 {[%clk 0:25:18]} Ba6 {[%clk 0:21:45]} 12. a3
{[%clk 0:24:45]} dxc4 {[%clk 0:19:22]} 13. Nxc4 {[%clk 0:23:32]} Qd5
{[%clk 0:18:06]} 14. Ne3 {[%clk 0:22:31]} Qh5 {[%clk 0:17:49]} 15. Bxa6
{[%clk 0:22:12]} Nxa6 {[%clk 0:17:45]} 16. d5 {[%clk 0:22:05]} Rd8
{[%clk 0:15:46]} 17. Bxf6 {[%clk 0:21:18]} gxf6 {[%clk 0:15:44]} 18. b4
{[%clk 0:18:09]} Rg8 {[%clk 0:15:10]} 19. g3 {[%clk 0:17:54]} Nc7
{[%clk 0:14:13]} 20. Re1 {[%clk 0:17:06]} Be7 {[%clk 0:12:34]} 21. Qa4+
{[%clk 0:14:43]} Kf8 {[%clk 0:12:33]} 22. Kg2 {[%clk 0:13:59]} f5
{[%clk 0:10:39]} 23. Rac1 {[%clk 0:13:51]} Bd6 {[%clk 0:09:52]} 24. dxe6
{[%clk 0:10:58]} Nxe6 {[%clk 0:09:43]} 25. Nd5 {[%clk 0:10:05]} Bxg3
{[%clk 0:06:07]} 26. hxg3 {[%clk 0:09:55]} Rxd5 {[%clk 0:06:04]} 27. Rc8+
{[%clk 0:09:49]} Kg7 {[%clk 0:05:59]} 28. Rxg8+ {[%clk 0:09:16]} Kxg8
{[%clk 0:05:58]} 29. Qe8+ {[%clk 0:09:13]} Nf8 {[%clk 0:05:28]} 30. Rc1
{[%clk 0:07:29]} Qh6 {[%clk 0:04:01]} 31. Rc7 {[%clk 0:06:14]} Qg7
{[%clk 0:02:49]} 32. Ng5 {[%clk 0:05:07]} Re5 {[%clk 0:02:15]} 33. Qxf7+
{[%clk 0:05:02]} Qxf7 {[%clk 0:02:14]} 34. Nxf7 {[%clk 0:05:01]} Rb5
{[%clk 0:01:49]} 35. Nh6+ Kh8 36. Rf7 {[%clk 0:04:32]} Ne6 {[%clk 0:01:48]} 37.
Nxf5 {[%clk 0:04:08]} a5 {[%clk 0:01:42]} 38. Rf6 {[%clk 0:04:00]} axb4
{[%clk 0:01:39]} 39. axb4 {[%clk 0:03:59]} Re5 {[%clk 0:01:27]} 40. b5
{[%clk 0:03:31]} b6 {[%clk 0:01:17]} 41. f4 {[%clk 0:03:16]} Rxb5 42. Rxe6
{[%clk 0:02:57]} Rxf5 {[%clk 0:01:13]} 43. Rxb6 {[%clk 0:02:57]} Kg7
{[%clk 0:01:13]} 44. Kf3 {[%clk 0:02:56]} Ra5 45. Rb4 {[%clk 0:02:52]} h5
{[%clk 0:01:10]} 46. Kg2 {[%clk 0:02:49]} Kg6 {[%clk 0:01:09]} 47. Kh3
{[%clk 0:02:48]} Ra6 {[%clk 0:01:08]} 48. Rb5 {[%clk 0:02:47]} Ra1
{[%clk 0:01:06]} 49. Rb6+ {[%clk 0:02:43]} Kg7 {[%clk 0:01:05]} 50. Kh4
{[%clk 0:02:41]} Rh1+ {[%clk 0:01:04]} 51. Kg5 {[%clk 0:02:40]} Rh3
{[%clk 0:01:02]} 52. Rb3 {[%clk 0:02:38]} Kf7 {[%clk 0:01:00]} 53. f5
{[%clk 0:02:37]} Ke7 {[%clk 0:00:47]} 54. f6+ {[%clk 0:02:34]} Kf7
{[%clk 0:00:45]} 55. Rb7+ {[%clk 0:02:28]} Kf8 {[%clk 0:00:44]} 56. g4
{[%clk 0:02:15]} Re3 {[%clk 0:00:11]} 57. Kg6 {[%clk 0:02:08]} hxg4
{[%clk 0:00:08]} 58. Rb8+ {[%clk 0:01:59]} Re8 {[%clk 0:00:07]} 59. Rxe8+
{[%clk 0:01:57]} Kxe8 {[%clk 0:00:06]} 60. Kg7 {[%clk 0:01:57]} 1-0

[Event "Brøndbymesterskabet 2016"]
[Site "?"]
[Date "2016.10.02"]
[Round "5.2"]
[White "Djernæs Antonsen, 2447, IM Mikkel"]
[Black "Haubro, 2284, IM Martin"]
[Result "1-0"]
[BlackElo "2284"]
[WhiteElo "2447"]
[LiveChessVersion "1.4.8"]

1. d4 {[%clk 0:29:58]} Nf6 {[%clk 0:29:55]} 2. c4 {[%clk 0:29:56]} e6
{[%clk 0:29:54]} 3. Nc3 {[%clk 0:29:46]} Bb4 {[%clk 0:29:51]} 4. Qc2
{[%clk 0:29:45]} b6 {[%clk 0:29:09]} 5. e4 {[%clk 0:29:33]} Bxc3+
{[%clk 0:28:23]} 6. bxc3 {[%clk 0:29:31]} d5 {[%clk 0:28:22]} 7. e5
{[%clk 0:29:13]} Nfd7 {[%clk 0:28:19]} 8. cxd5 {[%clk 0:29:03]} exd5
{[%clk 0:28:17]} 9. Nf3 {[%clk 0:28:51]} c5 {[%clk 0:28:05]} 10. Bd3
{[%clk 0:28:18]} h6 {[%clk 0:27:04]} 11. O-O {[%clk 0:27:57]} O-O
{[%clk 0:27:02]} 12. Re1 {[%clk 0:27:27]} Re8 {[%clk 0:27:00]} 13. Bf4
{[%clk 0:26:36]} c4 {[%clk 0:25:42]} 14. Bh7+ {[%clk 0:26:10]} Kh8
{[%clk 0:25:41]} 15. e6 {[%clk 0:22:45]} Rxe6 {[%clk 0:22:26]} 16. Rxe6
{[%clk 0:22:30]} fxe6 {[%clk 0:22:25]} 17. Re1 {[%clk 0:21:05]} Nf8
{[%clk 0:19:18]} 18. Bxb8 {[%clk 0:17:57]} Rxb8 {[%clk 0:19:06]} 19. Ne5
{[%clk 0:17:38]} Qf6 {[%clk 0:11:48]} 20. Re3 {[%clk 0:16:59]} Nxh7
{[%clk 0:08:49]} 21. Rf3 {[%clk 0:16:56]} Qxf3 {[%clk 0:08:02]} 22. gxf3
{[%clk 0:16:43]} Nf8 {[%clk 0:06:40]} 23. Qc1 {[%clk 0:15:35]} Nd7
{[%clk 0:05:40]} 24. Nc6 {[%clk 0:14:01]} Ra8 {[%clk 0:05:31]} 25. Qf4
{[%clk 0:13:55]} Nf6 {[%clk 0:05:11]} 26. Qc7 {[%clk 0:12:38]} Bd7
{[%clk 0:05:10]} 27. Nb8 {[%clk 0:12:27]} 1-0

[Event "Brøndbymesterskabet 2016"]
[Site "?"]
[Date "2016.10.02"]
[Round "5.3"]
[White "Østergaard, 2212, FM Jens"]
[Black "Berg Hansen, 2577, GM Sune"]
[Result "0-1"]
[BlackElo "2577"]
[WhiteElo "2212"]
[LiveChessVersion "1.4.8"]

1. d4 {[%clk 0:29:58]} Nf6 {[%clk 0:29:57]} 2. Nf3 {[%clk 0:29:56]} e6
{[%clk 0:29:51]} 3. c4 {[%clk 0:29:54]} d5 {[%clk 0:29:47]} 4. g3
{[%clk 0:29:48]} Be7 {[%clk 0:29:43]} 5. Bg2 {[%clk 0:29:44]} O-O
{[%clk 0:29:40]} 6. O-O {[%clk 0:29:41]} c6 {[%clk 0:29:38]} 7. Qc2
{[%clk 0:29:35]} b6 {[%clk 0:29:36]} 8. Nbd2 {[%clk 0:29:17]} Bb7
{[%clk 0:29:32]} 9. e4 {[%clk 0:28:56]} Na6 {[%clk 0:29:30]} 10. e5
{[%clk 0:28:06]} Nd7 {[%clk 0:28:43]} 11. cxd5 {[%clk 0:27:31]} Nb4
{[%clk 0:28:00]} 12. Qb3 {[%clk 0:27:12]} Nxd5 {[%clk 0:27:49]} 13. Ne4
{[%clk 0:26:41]} h6 {[%clk 0:27:37]} 14. Nfd2 {[%clk 0:24:46]} c5
{[%clk 0:26:17]} 15. dxc5 {[%clk 0:23:52]} Nxe5 {[%clk 0:26:02]} 16. Nf3
{[%clk 0:19:58]} Nd7 {[%clk 0:23:20]} 17. cxb6 {[%clk 0:19:37]} axb6
{[%clk 0:23:12]} 18. Be3 {[%clk 0:18:30]} Nxe3 {[%clk 0:21:04]} 19. Qxe3
{[%clk 0:18:28]} Nc5 {[%clk 0:20:36]} 20. Rfd1 {[%clk 0:16:31]} Qc7
{[%clk 0:19:15]} 21. Nxc5 {[%clk 0:15:35]} Bxc5 {[%clk 0:18:43]} 22. Qe5
{[%clk 0:15:15]} Qe7 {[%clk 0:18:14]} 23. a3 {[%clk 0:14:53]} Rfd8
{[%clk 0:17:18]} 24. b4 {[%clk 0:14:19]} Bd6 {[%clk 0:16:51]} 25. Qe3
{[%clk 0:14:10]} Qf6 {[%clk 0:14:24]} 26. Qxb6 {[%clk 0:11:33]} Bd5
{[%clk 0:08:40]} 27. Qd4 {[%clk 0:10:35]} Qe7 {[%clk 0:06:46]} 28. Ne5
{[%clk 0:08:42]} Bxg2 {[%clk 0:06:31]} 29. Kxg2 {[%clk 0:08:40]} Qb7+
{[%clk 0:06:13]} 30. Kg1 {[%clk 0:07:09]} Bxe5 {[%clk 0:06:00]} 31. Qxe5
{[%clk 0:07:00]} Rxd1+ {[%clk 0:05:53]} 32. Rxd1 {[%clk 0:06:58]} Rxa3
{[%clk 0:05:52]} 33. Qc5 {[%clk 0:05:33]} Qe4 {[%clk 0:05:01]} 34. b5
{[%clk 0:05:06]} Rb3 {[%clk 0:04:47]} 35. b6 {[%clk 0:04:20]} Kh7
{[%clk 0:03:50]} 36. h4 {[%clk 0:03:44]} f5 {[%clk 0:03:45]} 37. Qd6
{[%clk 0:02:55]} Rb2 {[%clk 0:03:28]} 38. Qd3 {[%clk 0:02:10]} Qxd3
{[%clk 0:03:24]} 39. Rxd3 {[%clk 0:02:08]} Rxb6 {[%clk 0:03:24]} 40. f4
{[%clk 0:01:54]} Kg6 {[%clk 0:03:22]} 41. Kg2 {[%clk 0:01:53]} Kh5
{[%clk 0:03:21]} 42. Kh3 {[%clk 0:01:50]} Rb4 {[%clk 0:03:10]} 43. Rd8
{[%clk 0:01:33]} Re4 {[%clk 0:03:03]} 44. Rg8 {[%clk 0:01:25]} Kg6
{[%clk 0:03:02]} 45. h5+ {[%clk 0:01:12]} Kf6 {[%clk 0:03:01]} 46. Rf8+
{[%clk 0:01:09]} Ke7 {[%clk 0:03:00]} 47. Rg8 {[%clk 0:01:07]} Kf7
{[%clk 0:02:59]} 48. Ra8 {[%clk 0:01:05]} Re2 {[%clk 0:02:58]} 49. Ra7+
{[%clk 0:00:59]} Kf6 {[%clk 0:02:57]} 50. Ra6 {[%clk 0:00:58]} g5
{[%clk 0:02:51]} 51. hxg6 {[%clk 0:00:55]} Kxg6 {[%clk 0:02:50]} 52. g4
{[%clk 0:00:45]} Re3+ {[%clk 0:02:49]} 53. Kh4 {[%clk 0:00:44]} Re4
{[%clk 0:02:44]} 54. Kg3 {[%clk 0:00:42]} Kf6 {[%clk 0:02:39]} 55. gxf5
{[%clk 0:00:39]} Kxf5 {[%clk 0:02:37]} 56. Ra5+ {[%clk 0:00:39]} Kf6
{[%clk 0:02:35]} 57. Kg4 {[%clk 0:00:37]} Rb4 {[%clk 0:02:29]} 58. Rc5
{[%clk 0:00:33]} Rb1 {[%clk 0:02:25]} 59. Kh5 {[%clk 0:00:31]} Rh1+
{[%clk 0:02:22]} 60. Kg4 {[%clk 0:00:30]} Ra1 {[%clk 0:02:12]} 61. Rh5
{[%clk 0:00:23]} Rg1+ {[%clk 0:02:08]} 62. Kf3 {[%clk 0:00:22]} Kg6
{[%clk 0:02:07]} 63. Re5 {[%clk 0:00:21]} Kf6 {[%clk 0:02:06]} 64. Rh5
{[%clk 0:00:20]} Rg6 {[%clk 0:02:05]} 65. Ra5 {[%clk 0:00:20]} Rg7
{[%clk 0:02:02]} 66. Rh5 {[%clk 0:00:18]} Kg6 {[%clk 0:02:00]} 67. Re5
{[%clk 0:00:18]} Kf7 {[%clk 0:01:59]} 68. Rh5 {[%clk 0:00:16]} Rg6
{[%clk 0:01:58]} 69. Ke4 {[%clk 0:00:14]} Rf6 {[%clk 0:01:56]} 70. Ra5
{[%clk 0:00:13]} Kg6 {[%clk 0:01:55]} 71. Rb5 {[%clk 0:00:11]} Rf5
{[%clk 0:01:53]} 72. Rb6 {[%clk 0:00:08]} Kf6 {[%clk 0:01:52]} 73. Rb8
{[%clk 0:00:06]} Ra5 {[%clk 0:01:50]} 74. Rb6 {[%clk 0:00:03]} Ra4+
{[%clk 0:01:49]} 75. Kf3 {[%clk 0:00:02]} h5 {[%clk 0:01:48]} 76. Rb5
{[%clk 0:00:01]} Ra3+ {[%clk 0:01:47]} 77. Ke4 {[%clk 0:00:00]} h4
{[%clk 0:01:46]} 78. Rh5 {[%clk 0:00:00]} h3 79. Kd4 Ke5+ 0-1

[Event "Brøndbymesterskabet 2016"]
[Site "?"]
[Date "2016.10.02"]
[Round "5.4"]
[White "Bromann, 2445, IM Thorbjørn"]
[Black "Aabling-Thomsen, 2319, IM Jakob"]
[Result "0-1"]
[BlackElo "2319"]
[WhiteElo "2445"]
[LiveChessVersion "1.4.8"]

1. d4 {[%clk 0:29:46]} f5 {[%clk 0:29:55]} 2. Nc3 {[%clk 0:29:43]} Nf6
{[%clk 0:29:01]} 3. Bg5 Nc6 4. d5 {[%clk 0:28:16]} Ne5 {[%clk 0:28:59]} 5. Qd4
{[%clk 0:27:48]} Nf7 {[%clk 0:28:29]} 6. h4 {[%clk 0:25:49]} c6 {[%clk 0:20:10]}
7. O-O-O {[%clk 0:25:04]} Nxd5 {[%clk 0:20:10]} 8. Nxd5 {[%clk 0:25:04]} cxd5
{[%clk 0:20:10]} 9. Qxd5 {[%clk 0:25:04]} Nxg5 10. hxg5 {[%clk 0:24:03]} e6
{[%clk 0:19:29]} 11. Qd2 {[%clk 0:23:15]} Be7 {[%clk 0:17:24]} 12. f4
{[%clk 0:21:48]} Qb6 {[%clk 0:15:33]} 13. Qc3 {[%clk 0:21:32]} Bf8
{[%clk 0:15:19]} 14. Nf3 {[%clk 0:15:01]} d6 {[%clk 0:15:05]} 15. Nh4
{[%clk 0:14:56]} Rg8 {[%clk 0:14:17]} 16. Nf3 {[%clk 0:14:22]} h6
{[%clk 0:14:05]} 17. e3 Bd7 18. Qd2 {[%clk 0:12:22]} O-O-O {[%clk 0:13:30]} 19.
Bc4 {[%clk 0:12:16]} Kb8 {[%clk 0:11:56]} 20. Bb3 {[%clk 0:11:15]} d5
{[%clk 0:10:54]} 21. Kb1 {[%clk 0:10:08]} Bc5 {[%clk 0:10:01]} 22. Rde1
{[%clk 0:09:33]} a5 23. c3 {[%clk 0:09:13]} Rh8 {[%clk 0:08:40]} 24. Ne5
{[%clk 0:07:59]} Be8 {[%clk 0:07:54]} 25. Rh3 {[%clk 0:07:22]} Bd6
{[%clk 0:07:13]} 26. Nf3 {[%clk 0:06:52]} h5 {[%clk 0:06:47]} 27. Nd4 Bc5 28. Bd1
{[%clk 0:06:06]} g6 {[%clk 0:06:46]} 29. g4 fxg4 30. Bxg4 {[%clk 0:03:37]} Bd7
{[%clk 0:05:50]} 31. Qh2 {[%clk 0:03:31]} Rhe8 32. Bd1 {[%clk 0:03:03]} e5
{[%clk 0:05:12]} 33. fxe5 {[%clk 0:02:59]} Bxh3 {[%clk 0:05:04]} 34. e6+ Rd6
{[%clk 0:04:02]} 35. Qxh3 {[%clk 0:02:29]} Bxd4 36. exd4 {[%clk 0:02:19]} Rdxe6
{[%clk 0:04:00]} 37. Rf1 Qd6 {[%clk 0:03:40]} 38. a3 {[%clk 0:02:06]} Re1
{[%clk 0:03:34]} 39. Ka2 {[%clk 0:02:03]} Rxf1 {[%clk 0:02:59]} 40. Qxf1
{[%clk 0:01:41]} h4 {[%clk 0:01:18]} 41. Qf7 {[%clk 0:01:20]} Re1
{[%clk 0:00:59]} 42. Bb3 h3 {[%clk 0:00:58]} 43. Bxd5 {[%clk 0:01:17]} Re7 44.
Qf8+ {[%clk 0:00:57]} Ka7 {[%clk 0:00:57]} 45. c4 {[%clk 0:00:57]} h2 46. Qf1 a4
{[%clk 0:00:44]} 47. Qd1 {[%clk 0:00:27]} Qa6 {[%clk 0:00:37]} 48. Qc2
{[%clk 0:00:17]} Rh7 {[%clk 0:00:29]} 49. Bh1 Rh3 {[%clk 0:00:19]} 50. Qe2
{[%clk 0:00:11]} Qb6 51. Qd2 {[%clk 0:00:05]} Qb3+ {[%clk 0:00:18]} 52. Kb1 Qxc4
53. Qa5+ {[%clk 0:00:03]} Qa6 {[%clk 0:00:11]} 54. Qc5+ {[%clk 0:00:02]} Qb6
{[%clk 0:00:11]} 55. Qc3 {[%clk 0:00:01]} Rxc3 {[%clk 0:00:09]} 0-1

[Event "Brøndbymesterskabet 2016"]
[Site "?"]
[Date "2016.10.02"]
[Round "5.5"]
[White "Reinhard Greger, 2308, Roland"]
[Black "Høi, 2347, GM Carsten"]
[Result "0-1"]
[BlackElo "2347"]
[WhiteElo "2308"]
[LiveChessVersion "1.4.8"]

1. e4 {[%clk 0:29:58]} g6 {[%clk 0:29:49]} 2. d4 {[%clk 0:29:57]} Bg7
{[%clk 0:29:49]} 3. Nf3 {[%clk 0:29:56]} d6 {[%clk 0:29:48]} 4. Nc3
{[%clk 0:29:55]} Bg4 {[%clk 0:29:36]} 5. Be3 {[%clk 0:29:41]} Nc6
{[%clk 0:29:20]} 6. Be2 {[%clk 0:29:37]} e5 {[%clk 0:28:46]} 7. dxe5
{[%clk 0:29:32]} dxe5 {[%clk 0:28:39]} 8. Qxd8+ {[%clk 0:29:21]} Rxd8
{[%clk 0:28:25]} 9. Nd5 {[%clk 0:29:07]} Rd7 {[%clk 0:28:09]} 10. O-O-O
{[%clk 0:27:41]} Nf6 {[%clk 0:22:25]} 11. Nxf6+ {[%clk 0:27:36]} Bxf6
{[%clk 0:22:22]} 12. h3 {[%clk 0:27:28]} Be6 {[%clk 0:21:14]} 13. a3
{[%clk 0:23:44]} a6 {[%clk 0:20:35]} 14. Ng5 {[%clk 0:22:27]} Nd4
{[%clk 0:17:56]} 15. Bd3 {[%clk 0:22:26]} b5 {[%clk 0:16:35]} 16. Nxe6
{[%clk 0:21:59]} Nxe6 {[%clk 0:16:22]} 17. c4 {[%clk 0:20:40]} c6
{[%clk 0:15:24]} 18. cxb5 {[%clk 0:19:22]} axb5 {[%clk 0:14:14]} 19. g3
{[%clk 0:17:44]} Bg5 {[%clk 0:13:12]} 20. Bxg5 {[%clk 0:16:43]} Nxg5
{[%clk 0:13:11]} 21. f4 {[%clk 0:16:30]} exf4 {[%clk 0:13:04]} 22. gxf4
{[%clk 0:16:28]} Ne6 {[%clk 0:12:58]} 23. Rhf1 {[%clk 0:15:41]} Ke7
{[%clk 0:12:39]} 24. Kd2 {[%clk 0:11:46]} Rhd8 {[%clk 0:11:37]} 25. Ke3
{[%clk 0:11:44]} Nd4 {[%clk 0:10:48]} 26. Rfe1 {[%clk 0:10:27]} c5
{[%clk 0:10:13]} 27. Kf2 {[%clk 0:08:59]} Ne6 {[%clk 0:08:44]} 28. Ke3
{[%clk 0:07:03]} Nxf4 {[%clk 0:08:07]} 29. Kxf4 {[%clk 0:07:01]} Rxd3
{[%clk 0:08:05]} 30. Rc1 {[%clk 0:06:52]} c4 {[%clk 0:07:24]} 31. a4
{[%clk 0:06:45]} bxa4 {[%clk 0:06:32]} 32. Rxc4 {[%clk 0:06:44]} Rxh3
{[%clk 0:05:57]} 33. Rxa4 {[%clk 0:06:43]} Rb3 {[%clk 0:05:41]} 34. Re2
{[%clk 0:06:23]} Rdb8 {[%clk 0:05:30]} 35. Ra7+ {[%clk 0:06:15]} Kf8
{[%clk 0:05:12]} 36. Rh2 {[%clk 0:05:55]} Kg7 {[%clk 0:04:19]} 37. e5
{[%clk 0:05:54]} R8b4+ {[%clk 0:04:00]} 38. Kg5 {[%clk 0:05:49]} Rg3#
{[%clk 0:03:57]} 0-1

[Event "Brøndbymesterskabet 2016"]
[Site "?"]
[Date "2016.10.02"]
[Round "5.6"]
[White "Fries Nielsen, 2372, FM Niels Jørgen"]
[Black "K. Christensen, 2205, Thomas"]
[Result "1/2-1/2"]
[BlackElo "2205"]
[WhiteElo "2372"]
[LiveChessVersion "1.4.8"]

1. a3 {[%clk 0:29:58]} d5 {[%clk 0:29:52]} 2. b4 {[%clk 0:29:22]} Nf6
{[%clk 0:29:42]} 3. Bb2 {[%clk 0:29:19]} Bf5 {[%clk 0:29:31]} 4. e3
{[%clk 0:28:45]} e6 {[%clk 0:29:24]} 5. Nf3 {[%clk 0:28:05]} h6 {[%clk 0:29:20]}
6. c4 {[%clk 0:27:19]} c6 {[%clk 0:28:47]} 7. Nc3 {[%clk 0:27:07]} Nbd7
{[%clk 0:28:30]} 8. Be2 {[%clk 0:25:03]} Bd6 {[%clk 0:27:51]} 9. O-O
{[%clk 0:24:37]} O-O {[%clk 0:27:27]} 10. d3 {[%clk 0:24:03]} Qe7
{[%clk 0:25:37]} 11. h3 {[%clk 0:20:40]} e5 {[%clk 0:23:20]} 12. cxd5
{[%clk 0:20:36]} cxd5 {[%clk 0:23:17]} 13. Nxd5 {[%clk 0:18:32]} Nxd5
{[%clk 0:23:03]} 14. e4 {[%clk 0:18:31]} Be6 {[%clk 0:21:54]} 15. exd5
{[%clk 0:18:28]} Bxd5 {[%clk 0:21:52]} 16. Nd2 {[%clk 0:18:26]} Nb6
{[%clk 0:18:49]} 17. Nc4 {[%clk 0:13:33]} Nxc4 {[%clk 0:16:43]} 18. dxc4
{[%clk 0:12:54]} Bc6 {[%clk 0:16:26]} 19. c5 {[%clk 0:09:55]} Qg5
{[%clk 0:15:39]} 20. Bf3 {[%clk 0:07:54]} e4 {[%clk 0:15:21]} 21. Qxd6
{[%clk 0:07:00]} exf3 {[%clk 0:15:05]} 22. g4 {[%clk 0:05:38]} Rfe8
{[%clk 0:13:35]} 23. Rfe1 {[%clk 0:05:05]} Rad8 {[%clk 0:11:37]} 24. Qg3
{[%clk 0:04:28]} Rxe1+ {[%clk 0:11:00]} 25. Rxe1 {[%clk 0:04:27]} h5
{[%clk 0:06:58]} 26. Qe5 {[%clk 0:03:43]} Qxe5 {[%clk 0:06:44]} 27. Bxe5
{[%clk 0:03:41]} hxg4 {[%clk 0:06:38]} 28. hxg4 {[%clk 0:03:40]} Rd3
{[%clk 0:06:17]} 29. Re3 {[%clk 0:03:28]} Rxe3 {[%clk 0:05:50]} 30. fxe3
{[%clk 0:03:27]} f6 {[%clk 0:05:45]} 31. Bb8 {[%clk 0:03:26]} a6 {[%clk 0:05:44]}
32. Kf2 {[%clk 0:03:19]} Kf7 {[%clk 0:05:42]} 33. Bf4 {[%clk 0:03:11]} Ke6
{[%clk 0:05:41]} 34. g5 {[%clk 0:03:08]} fxg5 {[%clk 0:05:18]} 35. Bxg5
{[%clk 0:03:07]} Kf5 {[%clk 0:05:14]} 36. Bd8 {[%clk 0:03:05]} Ke4
{[%clk 0:05:09]} 37. Bc7 {[%clk 0:03:02]} Kd3 {[%clk 0:05:02]} 38. Be5
{[%clk 0:02:59]} Kc4 {[%clk 0:04:43]} 39. Bxg7 {[%clk 0:02:31]} Kb3
{[%clk 0:04:37]} 40. Kg3 {[%clk 0:02:25]} Kxa3 {[%clk 0:04:29]} 41. Bc3
{[%clk 0:02:24]} Kb3 {[%clk 0:04:27]} 42. Be1 {[%clk 0:02:23]} Kc4 1/2-1/2

[Event "Brøndbymesterskabet 2016"]
[Site "?"]
[Date "2016.10.02"]
[Round "5.7"]
[White "Jørgensen, 2203, Dennis"]
[Black "Altenburg Eriksson, 2125, Christian"]
[Result "1-0"]
[BlackElo "2125"]
[WhiteElo "2203"]
[LiveChessVersion "1.4.8"]

1. c4 {[%clk 0:29:57]} b6 {[%clk 0:29:56]} 2. Nc3 {[%clk 0:29:45]} e6
{[%clk 0:29:48]} 3. e4 {[%clk 0:29:39]} Bb7 {[%clk 0:29:20]} 4. d4
{[%clk 0:29:05]} Bb4 {[%clk 0:29:05]} 5. Bd3 {[%clk 0:28:56]} f5 {[%clk 0:26:35]}
6. Qh5+ {[%clk 0:25:43]} g6 {[%clk 0:26:00]} 7. Qe2 {[%clk 0:25:38]} Nf6
{[%clk 0:25:19]} 8. Bg5 {[%clk 0:25:13]} h6 {[%clk 0:24:37]} 9. Bxf6
{[%clk 0:25:10]} Qxf6 {[%clk 0:24:35]} 10. Nf3 {[%clk 0:25:03]} fxe4
{[%clk 0:21:10]} 11. Bxe4 {[%clk 0:24:58]} Nc6 {[%clk 0:20:51]} 12. O-O
{[%clk 0:23:58]} Bxc3 {[%clk 0:17:57]} 13. bxc3 {[%clk 0:23:55]} O-O-O
{[%clk 0:17:53]} 14. c5 {[%clk 0:21:38]} Qf4 {[%clk 0:15:23]} 15. Bxc6
{[%clk 0:20:45]} Bxc6 {[%clk 0:15:20]} 16. Ne5 {[%clk 0:20:43]} Bb7
{[%clk 0:14:33]} 17. c6 {[%clk 0:19:19]} Bxc6 {[%clk 0:14:28]} 18. Nxc6
{[%clk 0:19:15]} dxc6 {[%clk 0:14:25]} 19. Qxe6+ {[%clk 0:19:13]} Kb7
{[%clk 0:14:18]} 20. Qxg6 {[%clk 0:18:27]} Rhg8 {[%clk 0:12:51]} 21. Qd3
{[%clk 0:18:14]} c5 {[%clk 0:12:16]} 22. Rad1 {[%clk 0:17:30]} Rd5
{[%clk 0:10:53]} 23. Qe3 {[%clk 0:16:34]} Qg4 {[%clk 0:10:09]} 24. g3
{[%clk 0:16:17]} h5 {[%clk 0:09:17]} 25. Rfe1 {[%clk 0:14:38]} Rgd8
{[%clk 0:05:07]} 26. Qe4 {[%clk 0:13:51]} Qxe4 {[%clk 0:03:25]} 27. Rxe4
{[%clk 0:13:50]} Ka6 {[%clk 0:02:34]} 28. f4 {[%clk 0:12:52]} Kb5
{[%clk 0:02:32]} 29. Kf2 {[%clk 0:12:51]} Kc4 {[%clk 0:02:26]} 30. Re2
{[%clk 0:11:41]} Kxc3 {[%clk 0:02:17]} 31. Rc1+ {[%clk 0:10:18]} Kb4
{[%clk 0:02:13]} 32. dxc5 {[%clk 0:10:01]} bxc5 {[%clk 0:02:10]} 33. Rb2+
{[%clk 0:09:17]} Ka3 {[%clk 0:02:09]} 34. Rbc2 {[%clk 0:09:11]} c4
{[%clk 0:02:03]} 35. Rc3+ {[%clk 0:08:49]} Kxa2 {[%clk 0:02:01]} 36. R1c2+
{[%clk 0:08:48]} Kb1 {[%clk 0:02:00]} 37. Rxc4 {[%clk 0:08:35]} Rd2+
{[%clk 0:01:57]} 38. Rxd2 {[%clk 0:08:34]} Rxd2+ {[%clk 0:01:56]} 39. Kf3
{[%clk 0:08:34]} Rxh2 {[%clk 0:01:55]} 40. Rxc7 {[%clk 0:08:31]} a5
{[%clk 0:01:52]} 41. Ra7 {[%clk 0:08:28]} Ra2 {[%clk 0:01:03]} 42. f5
{[%clk 0:08:27]} Kc2 {[%clk 0:01:01]} 43. f6 {[%clk 0:08:22]} Ra1
{[%clk 0:01:00]} 44. Ke2 {[%clk 0:07:54]} Rb1 {[%clk 0:00:52]} 45. Rc7+
{[%clk 0:07:35]} 1-0

[Event "Brøndbymesterskabet 2016"]
[Site "?"]
[Date "2016.10.02"]
[Round "5.8"]
[White "Garner Christensen, 2121, Bo"]
[Black "K. Høyer, 2104, Jacob"]
[Result "0-1"]
[BlackElo "2104"]
[WhiteElo "2121"]
[LiveChessVersion "1.4.8"]

1. e4 {[%clk 0:29:38]} c5 {[%clk 0:29:59]} 2. Nf3 {[%clk 0:29:36]} Nc6
{[%clk 0:29:54]} 3. a3 {[%clk 0:29:35]} d6 {[%clk 0:29:46]} 4. Bc4
{[%clk 0:29:30]} Nf6 {[%clk 0:29:27]} 5. Nc3 {[%clk 0:28:48]} e6 {[%clk 0:29:03]}
6. O-O {[%clk 0:28:33]} Be7 {[%clk 0:29:01]} 7. d4 {[%clk 0:28:18]} cxd4
{[%clk 0:28:43]} 8. Nxd4 {[%clk 0:28:16]} O-O {[%clk 0:28:35]} 9. Ba2
{[%clk 0:27:03]} Bd7 {[%clk 0:27:45]} 10. Be3 {[%clk 0:26:12]} a6
{[%clk 0:25:51]} 11. f3 {[%clk 0:25:50]} Rc8 {[%clk 0:25:45]} 12. Qd2
{[%clk 0:25:06]} Ne5 {[%clk 0:25:25]} 13. Qf2 {[%clk 0:24:49]} Nc4
{[%clk 0:25:07]} 14. Bc1 {[%clk 0:23:46]} Nxa3 {[%clk 0:24:44]} 15. Rd1
{[%clk 0:21:46]} Nc4 {[%clk 0:23:47]} 16. Qe2 {[%clk 0:21:17]} Qc7
{[%clk 0:23:22]} 17. g4 {[%clk 0:18:36]} Rfd8 {[%clk 0:21:05]} 18. g5
{[%clk 0:16:44]} Ne8 {[%clk 0:20:25]} 19. Kg2 {[%clk 0:16:35]} g6
{[%clk 0:19:39]} 20. h4 {[%clk 0:16:07]} Ng7 {[%clk 0:19:37]} 21. h5
{[%clk 0:14:41]} Nxh5 {[%clk 0:19:18]} 22. Rh1 {[%clk 0:14:37]} f6
{[%clk 0:17:33]} 23. f4 {[%clk 0:13:45]} fxg5 {[%clk 0:17:21]} 24. Rxh5
{[%clk 0:13:43]} gxh5 {[%clk 0:17:13]} 25. Qxh5 {[%clk 0:13:40]} Rf8
{[%clk 0:16:33]} 26. f5 {[%clk 0:13:14]} Qc5 {[%clk 0:15:21]} 27. Nde2
{[%clk 0:11:36]} Bc6 {[%clk 0:13:46]} 28. b4 {[%clk 0:07:15]} Qxf5
{[%clk 0:10:49]} 29. Ng3 {[%clk 0:07:07]} Qf2+ {[%clk 0:10:20]} 30. Kh3
{[%clk 0:07:05]} Rf3 {[%clk 0:09:33]} 31. Qg4 {[%clk 0:05:50]} Qf1+ 0-1